Normal view
MARC view
- Robeert A.Mayers
Entry Personal Name
001 - CONTROL NUMBER
- control field: 122678
003 - CONTROL NUMBER IDENTIFIER
- control field: NUST
005 - DATE AND TIME OF LATEST TRANSACTION
- control field: 20240515155401.0
008 - FIXED-LENGTH DATA ELEMENTS
- fixed length control field: 240515|| aca||aabn | a|a d
040 ## - CATALOGING SOURCE
- Original cataloging agency: NUST
- Transcribing agency: NUST
100 ## - HEADING--PERSONAL NAME
- Personal name: Robeert A.Mayers
670 ## - SOURCE DATA FOUND
- Source citation: Work cat.: (NUST): Robeert A.Mayers, Encyclopedia of Physical Science and Technology, 2002
